000 00783nam a2200217 a 4500
001 000159926
003 AM-YEHGA
005 20250617163228.0
008 030329s1957 ||||| |||||||||||||rus|d
040 _aAM-YeHGA
100 1 _aБосворт, Р.Ч.Л.
245 1 0 _aПроцессы теплового переноса :
_bПер. с англ. /
_cР.Ч.Л. Босворт ; Пер. Б.Б. Доценко ; Под ред. Ю.А. Суринова.
246 1 5 _aHeat Transfer Phenomena
260 _aМосква :
_bГостехиздат ,
_c1957.
300 _a276 с.
650 1 4 _aМашиностроение
653 2 _aмонография
700 1 _aДоценко, Б.Б.
_eпер.
_4tel
700 1 _aСуринов, Ю.А.
_eред.
_4edt
090 _c506573
999 _c503156
_d503156